| Tag |
First Indicator |
Second Indicator |
Subfields |
| LEADER |
00000cam a2200000 i 4500 |
| 001 |
in00003813617 |
| 005 |
20170926131212.0 |
| 008 |
170608t20172017nyua b 001 0 eng c |
| 010 |
|
|
|a 2016053017
|
| 020 |
|
|
|a 9780847844760
|q (hardback)
|
| 020 |
|
|
|a 0847844765
|q (hardback)
|
| 035 |
|
|
|a (OCoLC)ocn964065759
|
| 040 |
|
|
|a DLC
|e rda
|c DLC
|d TXA
|d UtOrBLW
|
| 043 |
|
|
|a e-uk-st
|
| 049 |
|
|
|a TXAM
|
| 050 |
0 |
0 |
|a NA7620
|b .M54 2017
|
| 082 |
0 |
0 |
|a 728.809411/5
|2 23
|
| 100 |
1 |
|
|a Miers, Mary,
|e author.
|0 http://id.loc.gov/authorities/names/no2007000815
|
| 245 |
1 |
0 |
|a Highland retreats :
|b the architecture and interiors of Scotland's romantic North /
|c Mary Miers ; with photography by Paul Barker, Simon Jauncey and Country Life.
|
| 264 |
|
1 |
|a New York :
|b Rizzoli,
|c [2017]
|
| 264 |
|
4 |
|c ©2017
|
| 300 |
|
|
|a 288 pages :
|b chiefly color illustrations ;
|c 29 cm.
|
| 336 |
|
|
|a text
|b txt
|2 rdacontent
|
| 337 |
|
|
|a unmediated
|b n
|2 rdamedia
|
| 338 |
|
|
|a volume
|b nc
|2 rdacarrier
|
| 504 |
|
|
|a Includes bibliographical references and index.
|
| 520 |
|
|
|a Featuring breathtaking photographs of some of Scotland's most remarkable and little-known houses, this book tells the story of how incomers adopted the North of Scotland as a recreational paradise and left an astonishing legacy of architecture and decoration inspired by the romanticized image of the Highlands. Known as shooting lodges because they were designed principally to accommodate the parties of guests that flocked north for the annual sporting season, these houses range from Picturesque cottages ornés and Scotch Baronial castles to Arts and Crafts mansions and modern eco-lodges. While their designs respond to some of Britain's wildest and most stirring landscapes, inside many were equipped with the latest domestic technology and boasted opulent decoration and furnishings from the smartest London and Parisian firms. A good number survive little altered in their original state, and some are still owned by descendants of the families that built them.
|
| 650 |
|
0 |
|a Country homes
|z Scotland
|z Highlands.
|
| 650 |
|
0 |
|a Country homes
|z Scotland
|z Highlands
|v Pictorial works.
|
| 650 |
|
0 |
|a Hunting lodges
|z Scotland
|z Highlands.
|
| 650 |
|
0 |
|a Hunting lodges
|z Scotland
|z Highlands
|v Pictorial works.
|
| 650 |
|
0 |
|a Interior decoration
|z Scotland
|z Highlands.
|
| 650 |
|
0 |
|a Interior decoration
|z Scotland
|z Highlands
|v Pictorial works.
|
| 650 |
|
7 |
|a HOUSE & HOME
|x Decorating.
|2 bisacsh
|
| 650 |
|
7 |
|a TRAVEL
|z Europe
|x Great Britain.
|2 bisacsh
|
| 700 |
1 |
|
|a Barker, Paul,
|d 1935-
|e photographer (expression)
|0 http://id.loc.gov/authorities/names/n93100935
|
| 730 |
0 |
|
|a Country life.
|
| 945 |
|
|
|a PromptCat
|
| 948 |
|
|
|a cataloged
|b h
|c 2017/6/27
|d c
|e dmitchel
|f 9:20:10 am
|
| 994 |
|
|
|a C0
|b TXA
|
| 999 |
f |
f |
|s 84c7b9c2-4f59-3391-90e1-cb1f2f9b3eb0
|i ea4f6ed3-0864-34d4-b198-7337a381f4e7
|t 0
|
| 952 |
f |
f |
|p normal
|a Texas A&M University
|b College Station
|c Sterling C. Evans Library
|s Evans stk
|d Evans: Library Stacks
|t 0
|e NA7620 .M54 2017
|h Library of Congress classification
|i unmediated -- volume
|m A14850166464
|
| 998 |
f |
f |
|a NA7620 .M54 2017
|t 0
|l Evans: Library Stacks
|